[Event "Petroupoli-ch"]
[Site "Petropouli"]
[Date "2014.02.22"]
[Round "5"]
[White "Kosmadakis, Georgios"]
[Black "Andrikopoulos, Konstantinos"]
[Result "0-1"]
[WhiteElo "1000"]
[BlackElo "1005"]
[PlyCount "34"]
[EventDate "2014.01.25"]
[EventType "swiss"]
[EventRounds "7"]
[EventCountry "GRE"]
[SourceTitle "EXT 2015"]
[Source "ChessBase"]
[SourceDate "2014.11.20"]
[SourceVersion "1"]
[SourceVersionDate "2014.11.20"]
[SourceQuality "1"]

1. e4 e5 2. Nf3 Nc6 3. d3 Nf6 4. c3 Bc5 5. Be3 Bb6 6. Bxb6 cxb6 7. h3 b5 8. Na3 Qa5 9. Qb3 b4 10. Ng5 Rf8 11. 0-0-0 bxa3 12. bxa3 b5 13. g4 Rb8 14. Kc2 Ba6 15. Bg2 Rc8 16. d4 Nxd4+ 17. Kb2 Nxb3 0-1

[Event "Petroupoli-ch"]
[Site "Petropouli"]
[Date "2014.02.15"]
[Round "4"]
[White "Andrikopoulos, Konstantinos"]
[Black "Apostolidou, Eleni"]
[Result "0-1"]
[WhiteElo "1005"]
[BlackElo "1004"]
[PlyCount "28"]
[EventDate "2014.01.25"]
[EventType "swiss"]
[EventRounds "7"]
[EventCountry "GRE"]
[SourceTitle "EXT 2015"]
[Source "ChessBase"]
[SourceDate "2014.11.20"]
[SourceVersion "1"]
[SourceVersionDate "2014.11.20"]
[SourceQuality "1"]

1. e4 e5 2. Nf3 Nc6 3. Bc4 Bc5 4. Ng5 Qxg5 5. 0-0 Qg6 6. Nc3 Nf6 7. d3 0-0 8. Bd2 d6 9. Qc1 Nd4 10. Be3 Nf3+ 11. Kh1 Qh5 12. h3 Bxh3 13. gxf3 Qxf3+ 14. Kg1 Qg2# 0-1